000 00856nam a22002651u 4500
001 04182
003 HDC
007 cr cn ---aaaaa
008 210115p9999 -cn fo d 00 engg
040 _aHDC
110 _aToronto Public Health
245 0 _aGuide to Understanding Halal Foods
260 _a[no place]:
_b[publisher not identified],
_c[no year]
300 _a4 pages :
_billustrations
336 _atext
_2rdacontent
337 _acomputer
_2rdamedia
338 _aonline resource
_2rdacarrier
650 _aHalal food
_950
650 _aMuslim community
_94248
650 _aServing Halal Foods
_94249
856 _zRequest full-text at [email protected]
942 _2lcc
942 _cEIS
942 _kREPT 000153
999 _c1507
_d1507